000 00771nam a22002057a 4500
999 _c7761
_d7761
001 7761
003 BD-JhCC
005 20180329101847.0
008 180213s1970 bg ||||| |||| 00| 0 ben d
035 _a(BD-JhCC)7761
040 _aBD-JhCC
_dBD-JhCC
041 _aben
082 _a050.16
_bHAQ 1970
245 _aবাংলা সাহিত্য গ্রন্থপঞ্জী :
_b১৯৪৭-১৯৬৯ /
_cসংকলন ও সম্পাদনায় শামসুল হক
260 _aঢাকা :
_bপাকিস্তান জাতীয় গ্রন্থ কেন্দ্র,
_c১৯৭০.
300 _a৪৭০ পৃ. :
_c২২ সেমি.
504 _aIncludes Index
650 _aBengali Bibliography
942 _2ddc
_cBK